A History Of Economic Thought/ (Record no. 152918)

MARC details
000 -LEADER
fixed length control field 00579nam a22002057a 4500
005 - DATE AND TIME OF LATEST TRANSACTION
control field 20220211114652.0
010 ## - LCCN (DPL NO)
LC control number ENG-123273
020 ## - INTERNATIONAL STANDARD BOOK NUMBER
International Standard Book Number 9789352533374
Terms of availability 325.00
035 ## - SYSTEM CONTROL NUMBER
System control number EN-106805
037 ## - SOURCE OF ACQUISITION
Source of stock number/acquisition DBAD/PUB
082 ## - DEWEY DECIMAL CLASSIFICATION NUMBER
Classification number 330.1
100 ## - MAIN ENTRY--PERSONAL NAME
Personal name Lokanathan, V
245 ## - TITLE STATEMENT
Title A History Of Economic Thought/
Statement of responsibility, etc by V Lokanathan
250 ## - EDITION STATEMENT
Edition statement 10th ed
260 ## - PUBLICATION, DISTRIBUTION, ETC. (IMPRINT)
Place of publication, distribution, etc New Delhi
Name of publisher, distributor, etc S. Chand Publishing
Date of publication, distribution, etc 2017
270 ## - ADDRESS
Address Ram Nagar,
City New Delhi
Postal code 110055
300 ## - PHYSICAL DESCRIPTION
Extent 382p.
Dimensions 22cm(pbk)
500 ## - GENERAL NOTE
General note For BA/MA students of economics
942 ## - ADDED ENTRY ELEMENTS (KOHA)
Source of classification or shelving scheme Dewey Decimal Classification
Item type English Books
Call number suffix LOK
Classification part 330.1
Holdings
Withdrawn status Lost status Not for loan Collection code Home library Current library Date acquired Source of acquisition Cost, normal purchase price Full call number Barcode Copy number Cost, replacement price Koha item type
      Non-fiction Ashok Vihar Ashok Vihar 21/06/2018 DBAD/PUB 325.00 330.1 LOK EN-106805 1 325.00 English Books

© Delhi Public Library
Hit Counter
free hit counter